Sesiones Ordinarias de la Cámara de Diputados en 1872
保存先:
| 団体著者: | |
|---|---|
| フォーマット: | 図書 |
| 言語: | スペイン語 |
| 出版事項: |
Santiago
Imprenta Nacional
1872
|
| 主題: | |
| タグ: |
タグ追加
タグなし, このレコードへの初めてのタグを付けませんか!
|
MARC
| LEADER | 00000nam a2200000 a 4500 | ||
|---|---|---|---|
| 001 | UCI6338 | ||
| 003 | CL-VaPUC | ||
| 008 | 080430e18720000CL |||||||||||||||||spa|d | ||
| 082 | 0 | 4 | |a 328.35 |b CAM |2 21 |
| 110 | 2 | |a Cámara de Diputados |e author |9 529162 | |
| 245 | 1 | 0 | |a Sesiones Ordinarias de la Cámara de Diputados en 1872 |
| 300 | |a pág. irreg | ||
| 942 | |c BK | ||
| 945 | |d 20080430 00:00:00 |a cmena | ||
| 260 | |a Santiago |b Imprenta Nacional |c 1872 | ||
| 500 | |a Incluye: | ||
| 500 | |a Sesiones de la Cámara de Diputados en 1872 | ||
| 500 | |a Sesiones de la Cámara de Senadores en 1872 | ||
| 500 | |a Sesiones Estraordinarias de la Cámara de Senadores en 1872 | ||
| 650 | 7 | |a DERECHO CHILENO |2 CL-VaPUC |9 529163 | |
| 650 | 0 | |a Fuentes Históricas |9 265141 | |
| 650 | 0 | |a Jurisprudencia |9 255952 | |
| 650 | 7 | |a SESIONES PARLAMENTARIAS |2 CL-VaPUC |9 404513 | |
| 651 | 7 | |a CHILE |2 CL-VaPUC |9 529164 | |
| 583 | |a last modification |c 20080430 00:00:00 |k Rodrigo Vera | ||
| 999 | |c 329857 |d 329855 | ||
| 952 | |0 0 |1 0 |4 0 |6 328_350000000000000_CAM_1872 |7 0 |8 X |9 415000 |a BIBHIS |b BIBHIS |d 2019-11-22 |i 4436113 |o 328.35 CAM 1872 |p 4436113 |r 2024-01-30 |w 2019-11-22 |y BK_X |k HIS | ||